Регионална библиотека "Любен Каравелов" - Русе

Хроника на руските царе (Запис номер 143258)

MARC детайли
000 -Лидер
Контролно поле с фиксирана дължина 01918nam a2200433 c 4500
003 - Код на организацията, давaща контролен номер
Контролно поле BLK
005 - Дата и час на последна редакция
Контролно поле 20240719102229.0
008 - Елементи от данни с фиксирана дължина
fixed length control field 180409b bul|||||r ||||||| ||bul||
010 ## - Наследен системен номер
LC control number KNG00149375000
020 ## - Международен стандартен номер на книга ISBN
Международен стандартен номер на книга ISBN 978-954-320-360-4
-- издат.: Рива
040 ## - Източник на каталожния запис
Идентификатор на билиотеката - собственик на записа BLK
041 ## - Код за език
Код за езика на текст/звукозапис или на отделно заглавие Български
Код за езика КДБФ Български
072 #7 - Код за тематичната категория
Код организация bullib
Код за тематична категория Н92
Текст История Н
080 ## - УДК
Текстов определител УДК История на Русия и СССР. Вж и 936 ; 957
УДК код - определител по УДК 94(470)
УДК определител (092)
УДК - код + определител 94(470)(092)
080 ## - УДК
Текстов определител УДК Биографии
УДК код - определител по УДК 929
УДК определител (470)
УДК - код + определител 929(470)
100 1# - Редна дума - Автор
Автор Уорнс, Дейвид
Авторска отговорност първи автор
R(LIN) 133049
139 ## - Редно поле
Редна дума Уорнс, Дейвид
Авторски знак Уор - У 70
245 10 - Сведения за заглавието
Заглавие Хроника на руските царе
Подзаглавни данни Летопис на владетелите на имперска Русия
Редно поле (дума) Дейвид Уорнс; прев. от англ. Росица Николова; * Росица Тодорова.
257 ## - Страна на издаване
Страна на създаване/издаване Великобритания
260 ## - Област на издателските данни
-- София
Име на издателя, разпространителя и проч. Рива
Година на издаване 2011
Печатница Отпеч. в Словения
300 ## - Физическа характеристика
Страници 224 с.
Илюстрации и др. с цв. ил., портр., к.
Размери/Мащаб 26 см
380 ## - Жанр
Жанр История
500 ## - Общи забележки
Забележка Ориг. загл.: Chronicle of the Russian tsars / David Warnes. - Прев. известна като Росица Николова. - Библиогр.: с. 218-219 ; Азб. показалец
650 #4 - Допълнително описание по предмет – тема
Основно описание – тема или топоним Царе, руски
9 (RLIN) 270490
650 #4 - Допълнително описание по предмет – тема
Основно описание – тема или топоним Императори, руски
9 (RLIN) 285797
650 #4 - Допълнително описание по предмет – тема
Основно описание – тема или топоним Династии, руски
9 (RLIN) 300839
650 #4 - Допълнително описание по предмет – тема
Основно описание – тема или топоним Русия - история
9 (RLIN) 249464
653 ## - Ключова дума – ненормативна
Ключова дума руски царе
653 ## - Ключова дума – ненормативна
Ключова дума династии
659 ## - Тематичен бюлетин
Тематичен бюлетин Н
700 1# - Други автори (авторска отговорност)
Лично име Николова, Росица
Автороска отговорност (Описва отношението между автора и произведението) прев. от англ.
9 (RLIN) 364552
700 1# - Други автори (авторска отговорност)
Лично име Тодорова, Росица
Автороска отговорност (Описва отношението между автора и произведението) *
9 (RLIN) 366986
852 ## - Местоположение
Форматна сигнатура Цб 264247
856 4# - Електронен адрес и достъп
Електронен формат pdf - файл
Път до файла /url/
856 4# - Електронен адрес и достъп
Електронен формат pdf - файл
Път до файла /url/
942 ## - АРТИКУЛИ
Вид на библиотечния материал Книги
Скрит в OPAC Не
Koha issues (borrowed), all copies 6
944 ## - СЪЗДАВАНЕ И РЕДАКЦИЯ на ЗАПИСА
Създаване/Редакция Създаване
Дата на регистрацията/редакция 16.08.2013
Служител, извършил регистрацията/редакцията 30531
Статус, дата на статуса Цветелина Шанова
944 ## - СЪЗДАВАНЕ И РЕДАКЦИЯ на ЗАПИСА
Създаване/Редакция Редакция
Дата на регистрацията/редакция 21.01.2014
Служител, извършил регистрацията/редакцията
999 ## - СИСТЕМНИ КОНТРОЛНИ НОМЕРА
Koha biblionumber 143258
Koha biblioitemnumber 143258
Наличности
Код за отписване Код за изгубен артикул Код за повреда Коз за рестрикции Код за отдаване Артикулен № Име на библиотеката - собственик Име на библиотеката, в която се намира в момента Статус (Текущо местоположение) Дата на вписване в системата Местоположение - отдел Цена в лева Инвентарен номер Систематично азбучна сигнатура Баркод Номер на екземпляра Цена в евро Служебна бележка Служебен тип на артикула Източник на класификационната схема
  Не е изгубен Не е повреден без рестрикции ползва се в читалня 237697 Регионална библиотека "Любен Каравелов" Русе Регионална библиотека "Любен Каравелов" Русе Хранилище 2013-08-08 Хранилище 25.00 120000768792 Цб 264247 120000768792 1 12.78 Дост: Dp Вид: Д N: 18 Дата: 02.05.2012 Книги  
  Не е изгубен Не е повреден без рестрикции ползва се в читалня 237698 Регионална библиотека "Любен Каравелов" Русе Регионална библиотека "Любен Каравелов" Русе Читалня 2013-12-20 Читалня 14.95 120000772998 Ч 94(3)/У 70 Д 120000772998 2 7.64 Дост: Pk Вид: Ф N: 886 Дата: 14.12.2013 Дата инв: 28.03.2017 Бележки инв: Ч2017 Книги Universal Decimal Classification
  Не е изгубен Не е повреден без рестрикции заемане за дома 730885 Регионална библиотека "Любен Каравелов" Русе Регионална библиотека "Любен Каравелов" Русе Заемна - подръчен фонд 2019-07-18 Заемна - подръчен фонд 25.00   94(47)/У 70 Д 120000834521   12.78   Книги Universal Decimal Classification
Vip Innovations Ltd, Rousse, Bulgaria 2025